000 00568nam a2200181 a 4500
001 000042415
005 20201002040136.0
008 131128s1975 sp a 000 0 spa d
020 _a8432301655
040 _aDO-SdBNP
_bspa
_cBNPHU
082 _axxxx
_bxxxx
100 1 _aRuiz, David
_969541
245 1 0 _aAsturias Contemporanea. :
_b1808-1936 /
_cDavid Ruiz.
260 _aMadrid, :
_bSiglo veintiuno,
_c1975.
300 _a109 p. ;
_c18 cm.
490 1 _aEstudios de historia contemporánea Siglo XXI
830 0 _aEstudios de historia contemporánea Siglo XXI
_969542
999 _c41904
_d41904